| 000 | 00631nam a2200217 i 4500 | ||
|---|---|---|---|
| 001 | 141442 | ||
| 003 | ES-MaACL | ||
| 005 | 20230906200308.0 | ||
| 007 | t| | ||
| 008 | 070924s1967 sp ||||1| spa d | ||
| 080 | _a254.41 | ||
| 110 | 2 |
_aCentro de Orientación Vocacional (Valencia) _92716 |
|
| 245 | 1 | 3 |
_aLa vocación, ese problema / _cCentro de Orientación Vocacional. |
| 260 |
_aSalamanca : _bSígueme, _c1967. |
||
| 300 |
_a116 p. ; _c19 cm. |
||
| 490 | 1 |
_aEstela ; _v62 |
|
| 650 | 1 | 4 |
_aVocación sacerdotal. _917845 |
| 830 | 0 |
_aEstela ; _v62 _9181322 |
|
| 852 |
_aES-MaACL _jC-32174 _bR.62879 |
||
| 999 |
_c141442 _d141442 |
||